000 00426nam a2200145 a 4500
001 000040227
005 20201002034009.0
008 130819s1972 ag 000 0 spa d
040 _aDO-SdBNP
_bspa
_cBNPHU
082 _axxx
100 1 _aLacau, María Hortensia
_95364
245 1 0 _aPoemas con gente /
_cMaría Hortensia Lacau.
260 _aBuenos Aires, Argentina :
_bFrancisco A. Colombo,
_c1972.
300 _a93 p. ;
_c21 cm.
999 _c39717
_d39717